Former Flags of Current Countries - Statistics

General Stats
  • This quiz has been taken 290 times
  • The average score is 31 of 45
Answer Stats
Picture Answer % Correct
Italy
94%
United Kingdom
93%
United States
90%
China
89%
Japan
89%
Bangladesh
87%
Libya
86%
South Africa
86%
Bulgaria
84%
Hungary
84%
Germany
83%
Spain
83%
Rwanda
82%
Ethiopia
81%
Spain
81%
Canada
80%
France
80%
Mauritania
79%
Iraq
78%
Ireland
77%
Greece
75%
Spain
75%
Portugal
74%
Iran
73%
Syria
72%
Democratic Republic of the Congo
71%
Netherlands
71%
Macedonia
69%
Afghanistan
67%
Brazil
66%
Malawi
66%
Ghana
64%
Cameroon
61%
Lesotho
60%
China
59%
Georgia
59%
Cambodia
57%
Russia
57%
Democratic Republic of the Congo
55%
Myanmar
53%
Comoros
50%
Egypt
46%
Benin
27%
Sudan
20%
Central African Republic
13%
No matching quizzes found
Score Distribution
Percent of People with Each Score
Percentile by Number Answered
Your Score History
You have not taken this quiz